| 000 | 01005nas a2200313 4500 | ||
|---|---|---|---|
| 001 | BR0105285 | ||
| 003 | BR-BrBNA | ||
| 005 | 20231205102558.0 | ||
| 007 | ta | ||
| 008 | 230509b bl.|||p| |||| 00| 00por d | ||
| 040 |
_aBR-BrBNA _bpor _cBiblioteca Nacional de Agricultura |
||
| 041 | _a(Pt) | ||
| 072 | _aF30 | ||
| 100 | 1 | _aFaria Neto, J.T. de | |
| 100 | 1 | _aResende, M.D.V. de | |
| 245 | 1 | _aAplicacao da metodologia de modelos mistos (REML/BLUP)na estimacao de componentes de variancia e predicao de valores geneticos em pupunheira (Bactris gasipaes) | |
| 650 | _aPupunha | ||
| 650 | _aPalmito | ||
| 650 | _aParametro Genetico | ||
| 650 | _aMelhoramento Genetico Vegetal | ||
| 650 | _aSelecao | ||
| 650 | _aModelo Matematico | ||
| 650 | _aQualidade | ||
| 650 | _aVariedade | ||
| 650 | _aAmapa | ||
| 773 | 0 |
_tRevista Brasileira de Fruticultura (Brazil) _xISSN 0100-2945 _g(Aug 2001), v. 23(2) p. 320-324 _wBR0105285 |
|
| 909 |
_a202311 _bLúcia _c55 _dLúcia Elande |
||
| 942 |
_2AGRIS _n0 _cANA |
||
| 999 |
_c168260 _d168260 |
||